000 01058nam a22002537a 4500
001 8361
003 FISKH
005 20250910151330.0
008 250910b cb ||||| |||| 00| 0 eng d
020 _a9780545167338
040 _aFISKH
_beng
_cFISKH
_dFISKH
082 _a590
100 _aNelson, May
245 _aSwim and snap :
_bAlligators /
_cby May Nelson
260 _aNew York :
_bScholastic,
_c2009.
300 _a28 pages :
_bcolor illustrations ;
_c22 cm
505 _aG
520 _aThis nonfiction children’s book introduces young readers to the world of alligators. It explains how they swim, hunt, snap their jaws, and survive in their wetland habitats. With simple text and vivid photographs, the book highlights their physical features, diet, behaviors, and role in nature. It is written to engage early readers with fascinating facts about these powerful reptiles.
521 8 _a360
_bLexile IG
521 8 _aG
_bRaz-Plus
650 _aLiving Things
_vNon-fiction
_xAnimals
942 _2ddc
_cBK
_n0
999 _c8361
_d8361